|
|
|
|
| LEADER |
01084nam a2200277 a 4500 |
| 001 |
14478633 |
| 008 |
090716r2004 mau b 001 0 eng d |
| 010 |
|
|
|a \\\2003040322
|
| 020 |
|
|
|a 0631220119 (alk. paper)
|
| 020 |
|
|
|a 0631220127 (pbk. : alk. paper)
|
| 020 |
|
|
|a 1405128119
|
| 040 |
|
|
|a DLC
|c DLC
|d DLC
|
| 082 |
0 |
0 |
|a 822.3/3
|2 21
|
| 245 |
0 |
0 |
|a Shakespeare's comedies /
|c edited by Emma Smith.
|
| 260 |
|
|
|a Malden, MA :
|b Blackwell Pub. ;
|a New Delhi :
|b Atlantic Publishers & Distributors,
|c 2004 [reprinted 2004]
|
| 300 |
|
|
|a ix, 310 p. ;
|c 24 cm.
|
| 504 |
|
|
|a Includes bibliographical references.
|
| 504 |
|
|
|a Includes bibliographical references and index.
|
| 490 |
|
0 |
|a Blackwell guides to criticism
|
| 541 |
1 |
|
|e 00014503
|
| 600 |
1 |
0 |
|a Shakespeare, William,
|d 1564-1616
|x Comedies.
|
| 650 |
|
0 |
|a Comedy.
|
| 700 |
1 |
|
|a Smith, Emma,
|d 1970 May 15-
|
| 852 |
4 |
|
|a Ayesha Abed Library
|j General shelf
|
| 999 |
|
|
|c 2740
|d 2740
|
| 952 |
|
|
|0 0
|1 0
|2 ddc
|4 0
|6 822_330000000000000_SHA
|7 0
|9 2517
|a BRACUL
|b BRACUL
|c GEN
|d 2009-07-23
|l 4
|m 2
|o 822.33 SHA
|p 3010014503
|r 2026-04-30
|s 2026-04-12
|t 1
|w 2009-07-23
|y BK
|